01379naa a2200241 a 450000100080000000500110000800800410001910000190006024500610007926000090014052007050014965300150085465300110086965300290088065300190090965300290092870000170095770000170097470000200099170000200101170000180103177300880104910721532010-09-02 2010 bl uuuu u00u1 u #d1 aCRUZ, C. E. F. aFireweed (Senecio madagascariensis) poisoning in cattle. c2010 aEm um rebanho bovino leiteiro no Rio Grande do Sul, sete de 554 bovinos foram afetados e morreram devido ?? intoxica????o por Senecio madagascariensis. Aspectos cl??nicos, patol??gicos e epidemiol??gicos observados nos bovinos afetados foram indistingu??veis daqueles usualmente observados em casos de intoxica????es por outras esp??cies de Senecio. A planta invadiu extensas ??reas em potreiros mantidos constantemente com altas lota????es de bovinos. Senecio madagascariensis esteve se estabelecendo nesta propriedade pelos ??ltimos tr??s anos, sem que qualquer medida de controle fosse adotada pela equipe t??cnica do estabelecimento, que desconhecia o potencial t??xico dessa esp??cie de Senecio. aAsteraceae aBovino aIntoxica????o por planta aPlanta t??xica aSenecio madagascariensis1 aKARAM, F. C.1 aDALTO, A. C.1 aPAVARINI, S. P.1 aBANDARRA, P. M.1 aDRIEMEIER, D. tPesquisa Veterin??ria Brasileira, Rio de Janeirogv. 30, n. 1, p. 10-12, jan. 2010.